LEADER 01560nam a2200325 a 4500 001 991003513879707536 008 035 $ab14345092-39ule_inst 040 $aBibl. Dip.le Aggr. Scienze Giuridiche - Sez. Studi Giuridici$bita 082 0 $a340.082 110 1 $aItalia$0423419 245 10$aDonne e diritto :$bdue secoli di legislazione, 1796-1986 /$ca cura di Agata Alma Cappiello, Elena Marinucci, Giacomo F. Rech, Laura Remiddi : con una nota di Paolo Ungari 260 $aRoma :$bPresidenza del Consiglio dei Ministri, Direzione Generale delle Informazioni dell'Editoria e della Proprietą Letteraria Artistica e Scientifica,$cstampa 1988 300 $a2 v. ;$c18 cm. 500 $aIn testa al front.: Commissione Nazionale per la Realizzazione della Paritą tra Uomo e Donna 500 $a[v. 1] LVIII, 2083 p.; [v. 2] XL, 1454 p. 500 $aAllegata custodia 650 4$aDonne$xDiritti umani$xTutela 700 1 $aCappiello, Agata Alma 700 $aMarinucci, Elena 700 $aRemiddi, Laura 700 $aRech, Giacomo F. 700 $aUngari, Paolo 907 $a.b14345092$b19-06-18$c19-06-18 912 $a991003513879707536 945 $aLE027 340.08 ITA01.01 V. 1$g1$i2027000339211$lle027$og$pE50.00$q-$rl$s- $t0$u1$v2$w1$x0$y.i15852143$z19-06-18 945 $aLE027 340.08 ITA01.01 V. 2$g1$i2027000339228$lle027$og$pE50.00$q-$rl$s- $t0$u1$v2$w1$x0$y.i15852155$z19-06-18 996 $aDonne e diritto$91748863 997 $aUNISALENTO 998 $ale027$b - - $cm$da $e-$fita$git $h0$i0 LEADER 01185nam 2200397 450 001 9910796317303321 005 20230807220410.0 010 $a2-335-15121-5 035 $a(CKB)3820000000022872 035 $a(MiAaPQ)EBC4466184 035 $a(Au-PeEL)EBL4466184 035 $a(CaPaEBR)ebr11192635 035 $a(OCoLC)946009795 035 $a(EXLCZ)993820000000022872 100 $a20160515h20152015 uy 0 101 0 $afre 135 $aurcnu|||||||| 181 $2rdacontent 182 $2rdamedia 183 $2rdacarrier 200 10$aHistoire des tortures au XIXe sie?cle /$fFrederic Gaetan de La Rochefoucauld-Liancourt 210 1$a[Place of publication not identified] :$cE?ditions Ligaran,$d2015. 210 4$d©2015 215 $a1 online resource (201 pages) 300 $a"Livre nume?rique"--Cover. 606 $aPrisons$xHistory 615 0$aPrisons$xHistory. 676 $a365.9 700 $aLa Rochefoucauld-Liancourt$b Frederic-Gaetan$01491774 801 0$bMiAaPQ 801 1$bMiAaPQ 801 2$bMiAaPQ 906 $aBOOK 912 $a9910796317303321 996 $aHistoire des tortures au XIXe sie?cle$93713766 997 $aUNINA